| 000 | 00809nam a2200265Ia 4500 | ||
|---|---|---|---|
| 001 | 43227 | ||
| 005 | 20240114003538.0 | ||
| 007 | ta | ||
| 008 | 080827s2002 g b000 u 903 u | ||
| 040 | _aCotton College Assam | ||
| 041 | _a903 | ||
| 082 |
_a330 _bRe 246 Re |
||
| 110 |
_aReserve bank of India . _c( India ) |
||
| 245 | 0 |
_aReport of the Technical group on Market Integrity / _cReserve bank of India. _hTextual Documents |
|
| 250 | _aist ed / | ||
| 260 |
_aIndia : _bReserve bank of India , _c2002. |
||
| 300 |
_a141pg ; _c27cm. |
||
| 653 | _aEconomics-Report - Technical group - Market Integrity | ||
| 653 | _aReport- Technical group - Market Integrity | ||
| 653 | _aRef section-Report | ||
| 942 |
_2ddc _cBK |
||
| 999 |
_c43193 _d43193 |
||